Plan de Asignatura "DERECHO ADMINISTRATIVO BOLIVIANO"

Detalles Bibliográficos
Autor principal: Capurata Velasco, Silvia Rossio
Formato: eBook
Lenguaje:español
Publicado: La Paz: Editorial Acadm̌ica Espaǫla, 2019
Materias:
Acceso en línea:Acceso restringido

MARC

LEADER 00000nam a22000007a 4500
005 20191002234851.0
007 cr|||| ||||
008 191002s2019 bo |||||s|||| 00||0 spa d
020 |a 9786139405343 
035 |a 29037 
040 |a vLex 
090 |c 9689  |d 9689 
100 1 |a Capurata Velasco, Silvia Rossio 
245 1 0 |a Plan de Asignatura "DERECHO ADMINISTRATIVO BOLIVIANO"  |h [Recurso electrn̤ico] /  |c Silvia Rossio Capurata Velasco 
256 |a Servicio en ln̕ea 
260 |a La Paz:  |b Editorial Acadm̌ica Espaǫla,  |c 2019 
300 |a 1 recurso electrn̤ico 
500 |a Siendo que el Derecho Administrativo Boliviano norma la planificacin̤, organizacin̤, funciones, ejecucin̤, control y sanciones, en relacin̤ a la prestacin̤ de bienes y servicios pb︢licos que presta el Estado, en coordinacin̤ de sus niveles estructurales: nacional, departamental, municipal y regional, respetando los derechos y obligaciones de las personas naturales o colectivas con el Estado. Surge la necesidad de la elaboracin̤ del Plan de Asignatura y Plan de Unidad de Aprendizaje del Derecho Administrativo Boliviano, que se desarrolla en la Carrera de Derecho, orientados a propiciar un espacio de anl̀isis con base en la metodologa̕ constructivista que motiva al estudiante a pensar, actuar e investigar por medio del aprendizaje significativo, siendo material de apoyo que ayudara a docentes, estudiantes, universitarios, publico en general a comprender mejor el Derecho Administrativo. 
506 1 |a Disponible solo en los productos indicados  |d vLex Global  |d vLex Global (Academic Edition, excluding Law Schools)  |d vLex Global (U.S. Academic Edition, Law Schools)  |d vLex Global (U.S. Academic Edition, excluding Law Schools)  |d vLex Global (Academic Edition, Law Schools) 
650 0 4 |a Derecho Pb︢lico y Administrativo  |z Bolivia 
740 0 |a vLex Libros (Servicio en ln̕ea) 
856 4 0 |u http://vlex.com/source/29037  |z Acceso restringido 
942 |c BOOK 
999 0 |a Public and Administrative Law